Miasta w Polsce zakończone na -ek na mapie - Statystyki

Ogólne statystyki
  • Ten quiz został rozwiązany 308 razy
    292 od ostatniego zresetowania
  • Średni wynik to 9 z 23
Odpowiedzi na mapie
Odpowiedzi zakodowano w zielono-czerwonej skali na mapie do tego quizu, zgodnie z poniższymi procentami.
 
Statystyki odpowiedzi
Województwo Miasto % Poprawnych
Kujawsko-Pomorskie Włocławek
88%
Zachodniopomorskie Szczecinek
76%
Warmińsko-Mazurskie Olsztynek
61%
Wielkopolskie Turek
54%
Zachodniopomorskie Barlinek
48%
Kujawsko-Pomorskie Ciechocinek
48%
Mazowieckie Milanówek
41%
Mazowieckie Sulejówek
40%
Lubuskie Zbąszynek
38%
Zachodniopomorskie Czaplinek
37%
Małopolskie Chełmek
35%
Wielkopolskie Okonek
34%
Opolskie Ozimek
34%
Warmińsko-Mazurskie Bisztynek
33%
Opolskie Głogówek
33%
Wielkopolskie Opatówek
32%
Śląskie Toszek
32%
Łódzkie Piątek
31%
Łódzkie Szadek
27%
Wielkopolskie Lwówek
26%
Świętokrzyskie Osiek
25%
Podkarpackie Brzostek
24%
Wielkopolskie Koźminek
22%
Nie znaleziono quizów pasujących do podanych kryteriów
Rozkład punktacji
Procent ludzi z każdym wynikiem
Percentyl według liczby udzielonych odpowiedzi
Twoja historia wyników
Nie rozwiązałeś tego quizu od ostatniego zresetowania